La Llorona /

שמור ב:
מידע ביבליוגרפי
מחבר ראשי: Toscano, Carmen (autor)
פורמט: ספר
שפה:ספרדית
יצא לאור: México : Fondo de Cultura Económica, 1994, c1994
סדרה:(Colección Popular ; 306)
נושאים:
תגים: הוספת תג
אין תגיות, היה/י הראשונ/ה לתייג את הרשומה!

MARC

LEADER 00000nam^a2200000^a^4500
001 000053546
005 20250521000000.0
009 20260526115516.441
020 |a 968-16-1883-1 
037 |a Acervo ITESO - Biblioteca 
041 |a ESP 
082 |a 862.  |b TOS 
100 |a Toscano, Carmen  |e (autor) 
245 1 3 |a La Llorona /  |c C. Toscano. 
264 4 |a México :  |b Fondo de Cultura Económica,  |c 1994, c1994 
300 |a 108 p. 
336 |a texto  |b txt  |2 rdacontenido 
337 |a sin mediación  |b n  |2 rdamedio 
338 |a volumen  |b nc  |2 rdasoporte 
440 1 |a (Colección Popular ;  |v 306) 
649 |a XX 
650 |a Teatro Mexicano 
650 |a Literatura Mexicana 
650 |a México -  |x Historia -  |y Virreinato, 1535-1821 
650 |a Mitología 
650 |a Sociología de la Cultura 
910 |a Fondo General 
920 |a Impresos - Libros 
930 |a Colección General 
940 |a Literatura 
905 |a 101 
901 |a 0500011982  |b IT1  |c LIT  |u 20250521 
902 |a https://opac.biblio.iteso.mx/vufind/Record/000053546